PPP Beach House Lyrics - Statistics

General Stats
  • This quiz has been taken 30 times
  • The average score is 21 of 28
Answer Stats
Hint Answer % Correct
Did you ___ it coming? see
96%
It _______ so fast happened
87%
I ____ in your eyes looked
87%
____ for this life? Ready
87%
Or ____ it will maybe
83%
__ well So
83%
Place __ that you're given all
78%
___ I asked, "Are you ___?" And ready
78%
It wont last _____ forever
78%
Out in the ______ heartland
78%
______ once told me Someone
78%
The _____ was perfect timing
78%
____ on glass Water
78%
In _____ trust infinite
74%
My _____ mistake
74%
__ mistake My
74%
There's _______ inside you something
74%
You ____ them so well wear
74%
The _____ ____ they gave you white clothes
74%
___ if this ice should break, __ would be And it
70%
And if this __ should break, it ____ be my ice would
70%
_ ___, that you must In love
70%
Like ____ figure eights on __ in skates tracing ice
70%
Oh __ well
70%
That doesn't ____ well sleep
65%
Between the ___ cities
57%
___ I'm tracing ____ eights on ice in skates Yet figure
52%
Between the ___ thrills
48%
No matching quizzes found
Score Distribution
Percent of People with Each Score
Percentile by Number Answered
Your Score History
You have not taken this quiz